00363nam a2200085Ia 4500008004100000245010200041260000900143300010500152650002000257180130s9999 xx 000 0 und d cDai, Wei; Bassiouni, MostafaaAn improved task assignment scheme for Hadoop running in the clouds c2016 aBook title: Networking, models and methods of cloud computing--Acession number C20732; pages 138-153 aCLOUD COMPUTING